Practical Nonparametric statistics (Record no. 877)

MARC details
000 -LEADER
fixed length control field 00439 a2200181 4500
001 - CONTROL NUMBER
control field 066882
003 - CONTROL NUMBER IDENTIFIER
control field OSt
005 - DATE AND TIME OF LATEST TRANSACTION
control field 20211021154717.0
008 - FIXED-LENGTH DATA ELEMENTS--GENERAL INFORMATION
fixed length control field
082 ## - DEWEY DECIMAL CLASSIFICATION NUMBER
Classification number 519.5
Item number C76P
100 1# - MAIN ENTRY--PERSONAL NAME
Personal name Conover, W.J.
245 1# - TITLE STATEMENT
Title Practical Nonparametric statistics
Statement of responsibility, etc y W.J. Conover
250 ## - EDITION STATEMENT
Edition statement 3rd ed.
260 ## - PUBLICATION, DISTRIBUTION, ETC. (IMPRINT)
Place of publication, distribution, etc India
Name of publisher, distributor, etc Wiley
Date of publication, distribution, etc 2007
300 ## - PHYSICAL DESCRIPTION
Extent 584p.
690 ## - LOCAL SUBJECT ADDED ENTRY--TOPICAL TERM (OCLC, RLIN)
Topical term or geographic name as entry element Nonparametric statistics
942 ## - ADDED ENTRY ELEMENTS (KOHA)
Source of classification or shelving scheme Dewey Decimal Classification
Koha item type Books
Holdings
Withdrawn status Lost status Damaged status Not for loan Home library Current library Date acquired Cost, normal purchase price Total Checkouts Full call number Barcode Date last seen Price effective from Koha item type Source of classification or shelving scheme Collection code Source of acquisition
        Central University Of Rajasthan Central University Of Rajasthan 07/03/2012 449.00   519.5 C76P 4247 21/11/2024 02/09/2020 Books      
        Central University Of Rajasthan Central University Of Rajasthan 07/03/2012 419.00   519.5 C76P 1168 21/11/2024 02/09/2020 Books Dewey Decimal Classification General Text Book STT